000 00630nam a2200217Ia 4500
003 GCL
008 140319s9999 xx 000 0 ara d
040 _aGCL /
_cGCL
082 0 4 _a157.7
_bم ع
100 1 _aموريس شربل (مترجم)
245 1 0 _aالعقد النفسية /
_cموريس شربل (مترجم)
700 1 _aموكيالى روجية
260 _a[S.N] :
_bمنشورات عويدان ،
_c1988
300 _a157 ص
490 _a
650 0 4 _aعلم النفس
650 0 4 _aالشخصية
650 0 4 _aالعقد النفسية
650 0 4 _aازدواج الشخصية
942 _2ddc
_cBK
999 _c36233
_d36233